000 00395nam a2200145 a 4500
005 20140412111329.0
008 030110s19uu xx 00 eng d
050 _aBB 372.634
_bCu977
245 _aCursive-Flip Chart.
260 _a[s.l.] :
_bZaner-Bloser, Inc,
_c[n.d.]
300 _a1 v. (unp.) ; ill.
650 _aCursive writing
650 _aWriting
_xStudy and teaching
999 _c104842
_d104842